Theorie und Praxis stationärer Erziehungshilfe / 2 Die Gestaltung des Lebensfeldes Heim
| Medienart: | Druck Buch |
|---|---|
| Sprache: | Deutsch |
| Veröffentlicht: |
Freiburg im Breisgau
Lambertus
1988
|
| In: |
Theorie und Praxis stationärer Erziehungshilfe
Jahr: 1988 |
| Bestand in Tübingen: | In Tübingen vorhanden. IFK: O X 349 |
| Verfügbarkeit prüfen: | HBZ Gateway |
| Subito Bestelldienst: | Jetzt bestellen. |
MARC
| LEADER | 00000cam a2200000 cc4500 | ||
|---|---|---|---|
| 001 | 1086664973 | ||
| 003 | DE-627 | ||
| 005 | 20240425200048.0 | ||
| 007 | tu | ||
| 008 | 881111s1988 xx ||||| 00| ||ger c | ||
| 016 | 7 | |a 880933364 |2 DE-101 | |
| 020 | |a 3784103960 |9 3-7841-0396-0 | ||
| 024 | 8 | |a 551436093 |q Sonstige Nr. | |
| 035 | |a (DE-627)1086664973 | ||
| 035 | |a (DE-576)016664973 | ||
| 035 | |a (DE-599)DNB880933364 | ||
| 035 | |a (OCoLC)311070879 | ||
| 040 | |a DE-627 |b ger |c DE-627 |e rakwb | ||
| 041 | |a ger | ||
| 084 | |a DG 3000 |2 rvk |0 (DE-625)rvk/19555: | ||
| 245 | 0 | 0 | |a Theorie und Praxis stationärer Erziehungshilfe |n 2 |p Die Gestaltung des Lebensfeldes Heim |c Peter Flosdorf (Hrsg.) |
| 264 | 1 | |a Freiburg im Breisgau |b Lambertus |c 1988 | |
| 300 | |a 296 S. |b Ill., graph. Darst. | ||
| 336 | |a Text |b txt |2 rdacontent | ||
| 337 | |a ohne Hilfsmittel zu benutzen |b n |2 rdamedia | ||
| 338 | |a Band |b nc |2 rdacarrier | ||
| 490 | 1 | |a Freiburger sozialpädagogische Beiträge |v 19 | |
| 583 | 1 | |a Archivierung/Langzeitarchivierung gewährleistet |f PEBW |x XA-DE-BW |2 pdager |5 DE-31 | |
| 773 | 1 | 8 | |a Theorie und Praxis stationärer Erziehungshilfe |w (DE-627)1086649524 |w (DE-576)016649524 |g 2 |q 2 |7 nnam |
| 830 | 0 | |a Freiburger sozialpädagogische Beiträge |v 19 |9 19,2 |w (DE-627)319530396 |w (DE-576)015647455 |w (DE-600)504721-3 |x 0532-6508 |7 am | |
| 936 | r | v | |a DG 3000 |b Heimerziehung (und Alternativen) |k Pädagogik |k Spezialfragen der Erziehung |k Heimerziehung (und Alternativen) |0 (DE-627)1270707035 |0 (DE-625)rvk/19555: |0 (DE-576)200707035 |
| 951 | |a MV | ||
| ELC | |b 1 | ||
| LOK | |0 000 xxxxxcx a22 zn 4500 | ||
| LOK | |0 001 2123394882 | ||
| LOK | |0 003 DE-627 | ||
| LOK | |0 004 1086664973 | ||
| LOK | |0 005 20250219153814 | ||
| LOK | |0 008 930607||||||||||||||||ger||||||| | ||
| LOK | |0 040 |a DE-21-110 |c DE-627 |d DE-21-110 | ||
| LOK | |0 852 |a DE-21-110 | ||
| LOK | |0 852 1 |c O X 349 |m p |9 00 | ||
| LOK | |0 935 |a k110 | ||
| LOK | |0 936ln |a 4.3.1 | ||
| LOK | |0 938 |k p | ||
| LOK | |0 939 |a 07-06-93 |b l01 | ||
| ORI | |a SA-MARC-krimdoka001.raw | ||
| SIG | |a IFK: O X 349 | ||
